000 00639nam a2200229 i 4500
001 141034
003 ES-MaACL
005 20230906200216.0
007 t|
008 070919s1992 xxk ||||1| eng d
020 _a1 85326 002 9
080 _a821.111
100 1 _aCarroll, Lewis.
_935844
245 1 0 _aAlice in wonderland /
_cLewis Carroll.
260 _aHertfordshire :
_bWordsworth,
_c[1992]
300 _a295 p. ;
_c18 cm.
490 1 _aWordsworth classics
500 _aBiblioteca Jacinto Martínez Lacalle.
830 0 _aWordsworth classics
_9220377
852 _aES-MaACL
_jE-12158
_bR.140042
999 _c141034
_d141034